| 000 | 01176nam a2200325 c 4500 | ||
|---|---|---|---|
| 003 | BLK | ||
| 005 | 20250707101851.0 | ||
| 008 | 180408b bul|||||r ||||||| ||bul|| | ||
| 010 | _aKNG00083049000 | ||
| 020 |
_a978-954-585-866-6 _bиздат.: Бард |
||
| 040 | _aBLK | ||
| 041 |
_aBUL _cBUL |
||
| 080 |
_aАмериканска литература (на САЩ) _b821.111(73) _x-312.4 _z821.111(73)-312.4 |
||
| 100 | 1 |
_aХъгинс, Джеймс Байрон _eпърви автор _9298781 |
|
| 700 | 1 |
_aГеоргиев, Асен _eпрев. _9364315 |
|
| 139 |
_aХъгинс, Джеймс Байрон _bХ 96 |
||
| 245 | 1 | 0 |
_aМагьосникът _bРоман _cДжеймс Байрон Хъгинс; прев. Асен Георгиев. |
| 257 | _aUSA | ||
| 260 |
_аСофия _bБард _c2008 |
||
| 300 |
_a396 с. _c20 см |
||
| 380 | _aX | ||
| 490 | 1 | _aКралете на трилъра | |
| 500 | _aОриг. загл. Sorcerer / James Byron Huggins. | ||
| 852 | _aЦб 239521 | ||
| 856 | 4 |
_qpdf _u |
|
| 856 | 4 |
_qpdf _u |
|
| 942 |
_cKNG _n0 _011 |
||
| 944 |
_aCR _c09.04.2008 _k30576 _lЦветомила Тодорова |
||
| 944 |
_aED _c13.05.2009 _k |
||
| 999 |
_c78583 _d78583 |
||